Lista de las aves del Parque Nacional Tayrona (Registro nro. 9934)

Detalles MARC
000 -CABECERA
Campo de control 004580000a22001570004500
090 ## - CLASIFICACIÓN LOCAL
Colección AR
Consecutivo 00846
041 0# - IDIOMA
Código de idioma para texto/pista de sonido o título separado
100 1# - ASIENTO PRINCIPAL--NOMBRE PERSONAL
Nombre personal Hoffman, Forrest M.
245 10 - MENCION DE TITULO
Título Lista de las aves del Parque Nacional Tayrona
650 14 - ASIENTO SECUNDARIO DE MATERIA - TERMINO TEMATICO
Término temático o nombre geográfico como elemento de entrada Aves
650 14 - ASIENTO SECUNDARIO DE MATERIA - TERMINO TEMATICO
Término temático o nombre geográfico como elemento de entrada Inventarios de aves
650 14 - ASIENTO SECUNDARIO DE MATERIA - TERMINO TEMATICO
Término temático o nombre geográfico como elemento de entrada Ornitología
651 #4 - ASIENTO SECUNDARIO DE MATERIA - NOMBRE GEOGRAFICO
-- Parque Nacional Natural Tayrona
-- Magdalena
-- Colombia
773 1# - Item fuente:
Título Preprint
Especificación de materiales 3
Paginas del Articulo 1-4
Lugar, editorial y fecha de publicación 1986
942 ## - ELEMENTOS ADICIONALES (KOHA)
Tipo de ítem Artículo
Koha issues (borrowed), all copies 1
Existencias
Withdrawn status Lost status Damaged status No para préstamo Colección Ubicación Permanente Ubicación actual Fecha de adquisición Fuente de Valor Datos de publicación Seriada Total Checkouts Número topográfico Inventario / Código de Barras Date last seen Date checked out Ejemplar Price effective from Forma de adquisición Tipo de material
      No para Préstamo Hemeroteca Bogotá Bogotá 27/02/2015 Muñoz Saba, Yaneth Fuera de circulación 1 AR 00846 011170 11/10/2017 11/10/2017 1 25/03/2015   Artículo